Encyclopaedia of Educational Technology (Record no. 268904)
[ view plain ]
| 000 -LEADER | |
|---|---|
| fixed length control field | 00289 a2200109 4500 |
| 001 - CONTROL NUMBER | |
| control field | 33831 |
| 082 ## - DEWEY DECIMAL CLASSIFICATION NUMBER | |
| Classification number | 371.3303MUJ |
| 090 ## - LOCALLY ASSIGNED LC-TYPE CALL NUMBER (OCLC); LOCAL CALL NUMBER (RLIN) | |
| -- | 22485 |
| -- | 22485 |
| 100 ## - MAIN ENTRY--PERSONAL NAME | |
| Personal name | Mujibul Hassan Siddiqui |
| 245 ## - TITLE STATEMENT | |
| Title | Encyclopaedia of Educational Technology |
| 260 ## - PUBLICATION, DISTRIBUTION, ETC. | |
| Place of publication, distribution, etc. | New Delhi |
| Name of publisher, distributor, etc. | APH Publishing Corporation |
| 942 ## - ADDED ENTRY ELEMENTS (KOHA) | |
| Institution code [OBSOLETE] | NUST-CAE |
| Call number prefix | 371.3303MUJ |
| Withdrawn status | Lost status | Damaged status | Not for loan | Collection code | Permanent Location | Current Location | Date acquired | Total Checkouts | Full call number | Barcode | Date last seen | Price effective from | Koha item type |
|---|---|---|---|---|---|---|---|---|---|---|---|---|---|
| College of Aeronautical Engineering (CAE) | College of Aeronautical Engineering (CAE) | 04/03/2017 | 371.3303MUJ | CAE75351 | 04/05/2017 | 04/05/2017 | Book | ||||||
| College of Aeronautical Engineering (CAE) | College of Aeronautical Engineering (CAE) | 04/03/2017 | 371.3303MUJ | CAE75454 | 04/05/2017 | 04/05/2017 | Book | ||||||
| College of Aeronautical Engineering (CAE) | College of Aeronautical Engineering (CAE) | 04/03/2017 | 371.3303MUJ | CAE75453 | 04/05/2017 | 04/05/2017 | Book | ||||||
| College of Aeronautical Engineering (CAE) | College of Aeronautical Engineering (CAE) | 04/03/2017 | 371.3303MUJ | CAE75452 | 04/05/2017 | 04/05/2017 | Book | ||||||
| College of Aeronautical Engineering (CAE) | College of Aeronautical Engineering (CAE) | 04/03/2017 | 371.3303MUJ | CAE75451 | 04/05/2017 | 04/05/2017 | Book |
